000 00274nam a22001217a 4500
008 180215b xxu||||| |||| 00| 0 eng d
041 _aeng
080 _a91
100 _a42
101 _aGJEO
245 _aNational geography standards 1994
_cBednarz,S.W
942 _2udc
_cBK
999 _c42624
_d42624